[Event "Titled Tuesday intern op 06th Feb Early"]
[Site "Chess.com INT"]
[Date "2024.02.06"]
[Round "11"]
[White "Szczepanek, Radoslaw"]
[Black "Ivanov, Aleksandr Y"]
[Result "0-1"]
[WhiteElo "2205"]
[BlackElo "2068"]
[PlyCount "60"]
[EventDate "2024.02.06"]
[EventType "swiss (blitz)"]
[EventRounds "11"]
[EventCountry "USA"]
[SourceTitle "CB07_2024"]
[SourceDate "2024.02.14"]
[SourceVersion "1"]
[SourceVersionDate "2024.02.14"]
[SourceQuality "1"]

1. e4 e6 2. d4 d5 3. Nc3 Bb4 4. Qd3 dxe4 5. Qxe4 Nf6 6. Qh4 Be7 7. Nf3 b6 8. Bd3 Ba6 9. Be4 c6 10. Ne5 Nxe4 11. Qxe4 Qc8 12. Qg4 Bf6 13. Bf4 Nd7 14. 0-0-0 Qb7 15. Qf3 Rc8 16. g4 0-0 17. Ne4 Bxe5 18. dxe5 c5 19. Rd3 Kh8 20. Rd6 c4 21. Be3 Nxe5 22. Qf4 Ng6 23. Qf3 c3 24. b3 Bb5 25. Rhd1 Bc6 26. R1d4 e5 27. Rxc6 exd4 28. Nd6 Qxc6 29. Nxc8 Qxf3 30. Ne7 Qh1# 0-1

[Event "Titled Tuesday intern op 06th Feb Early"]
[Site "Chess.com INT"]
[Date "2024.02.06"]
[Round "8"]
[White "Szczepanek, Radoslaw"]
[Black "Shapiro, Viktor"]
[Result "0-1"]
[WhiteElo "2205"]
[BlackElo "2113"]
[PlyCount "172"]
[EventDate "2024.02.06"]
[EventType "swiss (blitz)"]
[EventRounds "11"]
[EventCountry "USA"]
[SourceTitle "CB07_2024"]
[SourceDate "2024.02.14"]
[SourceVersion "1"]
[SourceVersionDate "2024.02.14"]
[SourceQuality "1"]

1. e4 Nf6 2. e5 Nd5 3. d4 d6 4. Bc4 Nb6 5. Bb3 a5 6. a4 dxe5 7. Qh5 e6 8. dxe5 Nc6 9. Nf3 Nd4 10. Nxd4 Qxd4 11. 0-0 g6 12. Qg5 Be7 13. Qg3 h5 14. Nd2 h4 15. Qh3 Qxe5 16. Nf3 Qf5 17. Qxf5 gxf5 18. Bf4 Bd6 19. Ne5 Nd7 20. Rfe1 Nxe5 21. Bxe5 Bxe5 22. Rxe5 Ke7 23. Rae1 Kf6 24. Rc5 c6 25. f4 Rd8 26. g3 Rd4 27. Ree5 hxg3 28. hxg3 b5 29. Rxc6 bxa4 30. Bc4 Bb7 31. Rc7 Be4 32. Be2 Rad8 33. Kf2 R8d7 34. Rxd7 Rxd7 35. g4 Bxc2 36. gxf5 Bxf5 37. Rxa5 Rd4 38. Ke3 Re4+ 39. Kf3 Rb4 40. Rb5 Rxb5 41. Bxb5 Bc2 42. Ke2 Kf5 43. Be8 f6 44. Ke3 Bb3 45. Bd7 Kg6 46. Be8+ Kg7 47. Kd4 Kf8 48. Bd7 Ke7 49. Bc6 Kd6 50. Be8 e5+ 51. fxe5+ fxe5+ 52. Ke4 Bc2+ 53. Ke3 Kc5 54. Bh5 Kb4 55. Be8 Bf5 56. Bf7 Bc2 57. Bd5 Bb3 58. Bc6 Kc5 59. Be8 Bc2 60. Bf7 Kb4 61. Be8 Bf5 62. Bf7 Bd7 63. Bd5 Kc5 64. Bf7 Bc6 65. Bg6 Kb4 66. Bf7 Bb7 67. Be6 Bc6 68. Bf7 Bb5 69. Be6 Bc4 70. Bf5 Kb3 71. Ke4 Kxb2 72. Kxe5 a3 73. Kd4 a2 74. Kxc4 a1Q 75. Kd5 Qc1 76. Ke6 Qe3+ 77. Kf6 Kc3 78. Kg6 Kd4 79. Bb1 Ke5 80. Kf7 Qg5 81. Bg6 Qf6+ 82. Ke8 Qxg6+ 83. Kd8 Qf7 84. Kc8 Kd6 85. Kb8 Kc6 86. Ka8 Qb7# 0-1

[Event "Titled Tuesday intern op 06th Feb Early"]
[Site "Chess.com INT"]
[Date "2024.02.06"]
[Round "10"]
[White "Tan, Ralph"]
[Black "Szczepanek, Radoslaw"]
[Result "1-0"]
[WhiteElo "2004"]
[BlackElo "2205"]
[PlyCount "71"]
[EventDate "2024.02.06"]
[EventType "swiss (blitz)"]
[EventRounds "11"]
[EventCountry "USA"]
[SourceTitle "CB07_2024"]
[SourceDate "2024.02.14"]
[SourceVersion "1"]
[SourceVersionDate "2024.02.14"]
[SourceQuality "1"]

1. e4 c5 2. Nf3 Nc6 3. d4 cxd4 4. Nxd4 Nf6 5. Nc3 e5 6. Ndb5 d6 7. Nd5 Nxd5 8. exd5 Nb8 9. c4 Be7 10. c5 0-0 11. Be2 Na6 12. cxd6 Bxd6 13. 0-0 f5 14. f4 Kh8 15. Nxd6 Qxd6 16. fxe5 Qxe5 17. Bf4 Qf6 18. d6 Bd7 19. Bf3 Nc5 20. b4 Ne4 21. Re1 Rae8 22. Rc1 Qh4 23. g3 Qf6 24. Rc7 Bc6 25. Re7 Qc3 26. Be5 Qxb4 27. Bxg7+ Kg8 28. Bxe4 Bxe4 29. Bxf8 Qb6+ 30. Kf1 Qb5+ 31. Re2 Rxf8 32. Qd4 Qb1+ 33. Kf2 Qb6 34. Qxb6 axb6 35. d7 Bc6 36. R2e6 1-0

[Event "Titled Tuesday intern op 26th Jul Late"]
[Site "Chess.com INT"]
[Date "2022.07.26"]
[Round "2"]
[White "Pinheiro, Iung Alicio"]
[Black "Szczepanek, Radoslaw"]
[Result "1/2-1/2"]
[WhiteElo "2320"]
[BlackElo "2216"]
[PlyCount "123"]
[EventDate "2022.07.26"]
[EventType "swiss (blitz)"]
[EventRounds "11"]
[EventCountry "USA"]
[SourceTitle "EXT 2023"]
[Source "ChessBase"]
[SourceDate "2022.10.05"]
[SourceVersion "1"]
[SourceVersionDate "2022.10.05"]
[SourceQuality "1"]

1. d4 Nf6 2. c4 g6 3. Nc3 Bg7 4. e4 d6 5. h3 0-0 6. Be3 e5 7. d5 a5 8. g4 Na6 9. Nge2 c6 10. Ng3 cxd5 11. cxd5 Nc5 12. a4 Bd7 13. f3 Rc8 14. Bb5 Ne8 15. h4 Nc7 16. Bxd7 Qxd7 17. Ra3 Ra8 18. Bxc5 dxc5 19. Rb3 Ne8 20. Nb5 b6 21. h5 Nd6 22. Nxd6 Qxd6 23. Rb5 Rab8 24. b3 Bf6 25. Kf2 Bg5 26. Kg2 Bf4 27. Ne2 Bg5 28. Qd3 Rb7 29. Nc3 Bd8 30. Nb1 f5 31. exf5 gxf5 32. gxf5 Rg7+ 33. Kf2 Rg5 34. Nd2 Rgxf5 35. Rg1+ Kh8 36. Rg4 Qf6 37. d6 Rf4 38. Rxf4 Qxf4 39. d7 Bh4+ 40. Ke2 Bd8 41. Qe4 Qxe4+ 42. Nxe4 Rf7 43. Nd6 Rxd7 44. Nc4 Kg7 45. Nxb6 Rb7 46. Nc4 Rxb5 47. axb5 Kh6 48. b6 Kxh5 49. b7 Bc7 50. Nxa5 Kg5 51. Nc6 Kf4 52. b8Q Bxb8 53. Nxb8 e4 54. fxe4 Kxe4 55. Nc6 Kd5 56. Na5 h5 57. Kf3 Kd4 58. Kg3 Kc3 59. Kh4 Kb4 60. Nb7 Kxb3 61. Nxc5+ Kc4 62. Kxh5 1/2-1/2

[Event "Titled Tuesday intern op 26th Jul Late"]
[Site "Chess.com INT"]
[Date "2022.07.26"]
[Round "5"]
[White "Szczepanek, Radoslaw"]
[Black "Reprintsev, Alexander"]
[Result "0-1"]
[WhiteElo "2216"]
[BlackElo "2353"]
[PlyCount "76"]
[EventDate "2022.07.26"]
[EventType "swiss (blitz)"]
[EventRounds "11"]
[EventCountry "USA"]
[SourceTitle "EXT 2023"]
[Source "ChessBase"]
[SourceDate "2022.10.05"]
[SourceVersion "1"]
[SourceVersionDate "2022.10.05"]
[SourceQuality "1"]

1. e4 d5 2. exd5 Qxd5 3. Nf3 Bg4 4. Be2 Nc6 5. d4 0-0-0 6. c4 Qf5 7. Be3 Bxf3 8. Bxf3 Nxd4 9. Bxd4 Qe6+ 10. Be2 c5 11. Qa4 cxd4 12. Qxa7 Qa6 13. Qxa6 bxa6 14. Nd2 g6 15. c5 Kb7 16. 0-0 Bg7 17. Bf3+ Ka7 18. b4 Nh6 19. a4 f5 20. b5 a5 21. b6+ Ka6 22. Rab1 e5 23. c6 e4 24. b7 Be5 25. Rfc1 Bc7 26. Bd1 Nf7 27. Nc4 d3 28. Bb3 f4 29. Na3 Nd6 30. Nc4 Ka7 31. Nxd6 Rxd6 32. Kf1 e3 33. fxe3 fxe3 34. Bc4 Rf8+ 35. Ke1 d2+ 36. Ke2 dxc1Q 37. Rxc1 Rf2+ 38. Ke1 Rxg2 0-1

[Event "POL-chT 2nd League"]
[Site "Jastrzebia Gora"]
[Date "2019.09.14"]
[Round "8.11"]
[White "Daniel, Damian"]
[Black "Szczepanek, Radoslaw"]
[Result "0-1"]
[WhiteElo "2196"]
[BlackElo "2195"]
[PlyCount "78"]
[EventDate "2019.09.07"]
[EventType "team-swiss"]
[EventRounds "9"]
[EventCountry "POL"]
[SourceTitle "EXT 2020"]
[Source "ChessBase"]
[SourceDate "2019.10.17"]
[SourceVersion "1"]
[SourceVersionDate "2019.10.17"]
[SourceQuality "1"]
[WhiteTeam "Zarow Goniec"]
[BlackTeam "Raciborz Silesia"]
[WhiteTeamCountry "POL"]
[BlackTeamCountry "POL"]

1. d4 Nf6 2. c4 g6 3. Nc3 Bg7 4. e4 d6 5. f3 0-0 6. Be3 Nbd7 7. Bd3 a6 8. Nge2 c5 9. d5 Ne5 10. 0-0 Nfd7 11. f4 Nxd3 12. Qxd3 b5 13. Rab1 bxc4 14. Qxc4 Nb6 15. Qd3 a5 16. Qc2 Ba6 17. Rfe1 Qd7 18. Rbd1 Rfb8 19. Bc1 Rb7 20. Ng3 Rab8 21. b3 a4 22. bxa4 Nc4 23. Kh1 Nb2 24. Rd2 Qc7 25. Nge2 Qa5 26. h3 Bxe2 27. Nxe2 Qxa4 28. Qxa4 Nxa4 29. Rc2 Rb4 30. e5 dxe5 31. fxe5 Bxe5 32. Bd2 Rb2 33. Rec1 Rxc2 34. Rxc2 Rb1+ 35. Bc1 Nb2 36. Rxc5 Nd3 37. Rc8+ Kg7 38. Kg1 Bb2 39. Rb8 Nxc1 0-1

[Event "POL-chT 2nd League"]
[Site "Jastrzebia Gora"]
[Date "2019.09.13"]
[Round "7.8"]
[White "Szczepanek, Radoslaw"]
[Black "Kasperek, Ryszard"]
[Result "1/2-1/2"]
[WhiteElo "2195"]
[BlackElo "2213"]
[PlyCount "33"]
[EventDate "2019.09.07"]
[EventType "team-swiss"]
[EventRounds "9"]
[EventCountry "POL"]
[SourceTitle "EXT 2020"]
[Source "ChessBase"]
[SourceDate "2019.10.17"]
[SourceVersion "1"]
[SourceVersionDate "2019.10.17"]
[SourceQuality "1"]
[WhiteTeam "Raciborz Silesia"]
[BlackTeam "Debica Gryf"]
[WhiteTeamCountry "POL"]
[BlackTeamCountry "POL"]

1. e4 c5 2. f4 d5 3. exd5 Qxd5 4. Nc3 Qd8 5. Nf3 Nc6 6. Bb5 Bd7 7. 0-0 Nf6 8. Ne5 Rc8 9. Qf3 e6 10. Nxc6 Bxc6 11. Bxc6+ Rxc6 12. f5 c4 13. b3 cxb3 14. axb3 Bc5+ 15. Kh1 0-0 16. Ra4 Qd7 17. fxe6 1/2-1/2

[Event "POL-chT 2nd League"]
[Site "Jastrzebia Gora"]
[Date "2019.09.12"]
[Round "6.5"]
[White "Czerw, Dawid"]
[Black "Szczepanek, Radoslaw"]
[Result "1/2-1/2"]
[WhiteElo "2269"]
[BlackElo "2195"]
[PlyCount "47"]
[EventDate "2019.09.07"]
[EventType "team-swiss"]
[EventRounds "9"]
[EventCountry "POL"]
[SourceTitle "EXT 2020"]
[Source "ChessBase"]
[SourceDate "2019.10.17"]
[SourceVersion "1"]
[SourceVersionDate "2019.10.17"]
[SourceQuality "1"]
[WhiteTeam "Jastrzebie Zdroj Pionier"]
[BlackTeam "Raciborz Silesia"]
[WhiteTeamCountry "POL"]
[BlackTeamCountry "POL"]

1. d4 Nf6 2. c4 g6 3. Nc3 Bg7 4. e4 d6 5. Nf3 0-0 6. Be2 e5 7. 0-0 Nc6 8. d5 Ne7 9. b4 a5 10. bxa5 c5 11. a4 Rxa5 12. Nd2 Nd7 13. Ra3 Ra6 14. Nb5 f5 15. exf5 Nxf5 16. Ne4 Nf6 17. Bd3 Nxe4 18. Bxe4 Nd4 19. f4 Bf5 20. Bxf5 Rxf5 21. fxe5 Bxe5 22. Rxf5 Nxf5 23. Qg4 Ra8 24. Bd2 1/2-1/2

[Event "CZE-chT2F 1819"]
[Site "Czech Republic"]
[Date "2019.01.13"]
[Round "6.3"]
[White "Szczepanek, Radoslaw"]
[Black "Zidek, Vaclav"]
[Result "1-0"]
[WhiteElo "2182"]
[BlackElo "2170"]
[PlyCount "129"]
[EventDate "2018.10.14"]
[EventType "team-tourn"]
[EventRounds "11"]
[EventCountry "CZE"]
[SourceTitle "EXT 2022"]
[Source "ChessBase"]
[SourceDate "2021.10.06"]
[SourceVersion "1"]
[SourceVersionDate "2021.10.06"]
[SourceQuality "1"]
[WhiteTeam "Havirov Slovan"]
[BlackTeam "Poruba Slavoj III"]
[WhiteTeamCountry "CZE"]
[BlackTeamCountry "CZE"]

1. e4 e6 2. d4 d5 3. Nc3 Nf6 4. e5 Nfd7 5. f4 c5 6. Nf3 Nc6 7. Be3 cxd4 8. Nxd4 Bc5 9. Qd2 0-0 10. 0-0-0 a6 11. h4 Nxd4 12. Bxd4 b5 13. h5 b4 14. Na4 Bxd4 15. Qxd4 Qa5 16. b3 Bb7 17. Kb1 Bc6 18. Nb2 Bb5 19. Bd3 Rfc8 20. f5 Qc7 21. fxe6 fxe6 22. Qg4 Nf8 23. h6 Bxd3 24. cxd3 a5 25. d4 Qc2+ 26. Ka1 Ra7 27. Na4 Rf7 28. Qg5 Qf5 29. Qxf5 Rxf5 30. hxg7 Kxg7 31. Rd2 Nd7 32. Kb2 Rcf8 33. Rc1 Rf2 34. Rxf2 Rxf2+ 35. Rc2 Rxc2+ 36. Kxc2 Kg6 37. Kd3 Kf5 38. Ke3 h5 39. Kf3 Nb8 40. Nc5 Nc6 41. Ke3 h4 42. Kd3 Kf4 43. Nxe6+ Kg3 44. Ke3 Ne7 45. Ng7 Kxg2 46. Nh5 Nf5+ 47. Kf4 h3 48. Kxf5 h2 49. e6 h1Q 50. Nf6 Qf1+ 51. Kg6 Qd3+ 52. Kf7 Qxd4 53. e7 Qa7 54. Kf8 Qb8+ 55. e8Q Qxe8+ 56. Kxe8 d4 57. Ne4 Kf3 58. Nc5 Ke3 59. Kd7 Kd2 60. Kc6 Kc3 61. Kb5 Kb2 62. Kxa5 Ka3 63. Kb5 Kxa2 64. Kxb4 Kb2 65. Kc4 1-0

[Event "POL-chT3 Liga Slaska"]
[Site "Poland"]
[Date "2007.03.18"]
[Round "6"]
[White "Szczepanek, Radoslaw"]
[Black "Krzyzanowski, Marcin"]
[Result "1/2-1/2"]
[WhiteElo "2158"]
[BlackElo "2210"]
[PlyCount "161"]
[EventDate "2007.01.28"]
[EventType "team-swiss"]
[EventRounds "9"]
[EventCountry "POL"]
[SourceTitle "EXT 2011"]
[Source "ChessBase"]
[SourceDate "2010.11.26"]
[SourceVersion "1"]
[SourceVersionDate "2010.11.26"]
[SourceQuality "1"]
[WhiteTeam "Raciborz KSz Silesia II"]
[BlackTeam "Rybnik MKSz II"]
[WhiteTeamCountry "POL"]
[BlackTeamCountry "POL"]

1. Nc3 e5 2. Nf3 Nc6 3. d4 exd4 4. Nxd4 Nxd4 5. Qxd4 Nf6 6. Bg5 Be7 7. e4 d6 8. 0-0-0 0-0 9. Bc4 Nd7 10. Bxe7 Qxe7 11. Rhe1 a6 12. Nd5 Qd8 13. Ne3 Ne5 14. Be2 Re8 15. Kb1 Nc6 16. Qd3 b5 17. Bg4 Ne5 18. Qe2 Nxg4 19. Nxg4 f5 20. Ne3 fxe4 21. f3 Bb7 22. fxe4 Bxe4 23. Qg4 Qf6 24. Rf1 Qg6 25. Qd7 d5 26. Ka1 c6 27. c3 Qe6 28. Qc7 a5 29. Rde1 Bd3 30. Rg1 Qg6 31. h4 b4 32. h5 Qh6 33. Ng4 Qxh5 34. Qxc6 Be4 35. Nf2 Rac8 36. Qd6 bxc3 37. bxc3 Rxc3 38. Nxe4 dxe4 39. Rh1 Qe5 40. Qxe5 Rxe5 41. Kb2 Rd3 42. Re2 a4 43. Rh4 a3+ 44. Kc1 e3 45. Kc2 Red5 46. g3 Rd2+ 47. Rxd2 exd2 48. Kd1 Rb5 49. Ra4 Rb1+ 50. Kxd2 Rb2+ 51. Ke3 Rxa2 52. Ra7 Ra1 53. Kf3 h6 54. g4 Kh7 55. Ra6 Kg8 56. Ra7 Kf8 57. Kg3 Ke8 58. Kg2 a2 59. Kh2 Kd8 60. Kg2 Kc8 61. Kh2 Kb8 62. Ra4 Kb7 63. Kg2 Kb6 64. Ra8 g5 65. Kh2 Kc5 66. Kg2 Kd4 67. Ra4+ Ke3 68. Ra3+ Ke2 69. Ra8 Kd2 70. Ra7 Kd3 71. Ra3+ Kc2 72. Ra8 Kd2 73. Ra7 Ke3 74. Ra3+ Kd4 75. Ra4+ Kc3 76. Ra8 Rb1 77. Rxa2 Rb2+ 78. Rxb2 Kxb2 79. Kf3 Kc1 80. Ke3 Kd1 81. Kd3 1/2-1/2

[Event "Polanica Zdroj op-A 42nd"]
[Site "Polanica Zdroj"]
[Date "2006.08.22"]
[Round "3"]
[White "Korosciel, Aneta"]
[Black "Szczepanek, Radoslaw"]
[Result "0-1"]
[WhiteElo "2126"]
[BlackElo "2168"]
[PlyCount "108"]
[EventDate "2006.08.19"]
[EventType "swiss"]
[EventRounds "7"]
[EventCountry "POL"]
[SourceTitle "CBM 113 Extra"]
[Source "ChessBase"]
[SourceDate "2006.09.14"]
[SourceVersion "1"]
[SourceVersionDate "2006.09.14"]
[SourceQuality "1"]

1. e4 c5 2. Nf3 e6 3. d3 d5 4. Nbd2 Nc6 5. g3 Nf6 6. Bg2 Be7 7. 0-0 b6 8. Re1 Bb7 9. c3 Qc7 10. exd5 Nxd5 11. Qe2 0-0 12. Nc4 Rad8 13. Bg5 h6 14. Bxe7 Ndxe7 15. Rad1 Qb8 16. Rd2 Qa8 17. Red1 Nf5 18. Ne3 Nce7 19. Ne5 Bxg2 20. Nxg2 Nc6 21. Nxc6 Qxc6 22. Qe4 Ne7 23. Ne3 Rd7 24. Nc4 Rfd8 25. Qg4 Qc7 26. f4 Nc6 27. Qf3 b5 28. Ne3 e5 29. fxe5 Nxe5 30. Qe4 f6 31. d4 cxd4 32. cxd4 Qb6 33. Kf2 Nf7 34. Nf5 Ng5 35. Qe3 Qb7 36. d5 g6 37. Nxh6+ Kg7 38. Ng4 Re7 39. Qd4 Ne4+ 40. Kg2 Nxd2 41. Qxf6+ Kh7 42. Qh4+ Kg8 43. Nf6+ Kg7 44. Rxd2 Rh8 45. Qd4 Qb6 46. Nh5+ Kg8 47. Qb4 Rf7 48. Nf4 Qf6 49. Rf2 Qf5 50. Qd2 Rhh7 51. d6 g5 52. Nd3 Qd5+ 53. Kg1 Rxf2 54. Qxf2 Qxd3 0-1

[Event "CZE-chT2f 0506"]
[Site "Czech Republic"]
[Date "2006.02.26"]
[Round "8.2"]
[White "Szczepanek, Radoslaw"]
[Black "Podlesny, Pavel"]
[Result "1/2-1/2"]
[WhiteElo "2164"]
[BlackElo "2184"]
[PlyCount "136"]
[EventDate "2005.10.16"]
[EventType "team"]
[EventRounds "11"]
[EventCountry "CZE"]
[SourceTitle "EXT 2009"]
[Source "ChessBase"]
[SourceDate "2008.11.26"]
[SourceVersion "1"]
[SourceVersionDate "2008.11.26"]
[SourceQuality "1"]

1. e4 e6 2. d3 d5 3. Nd2 Nf6 4. Ngf3 c5 5. g3 Be7 6. Bg2 0-0 7. 0-0 Nc6 8. Re1 Qc7 9. c3 b6 10. Nf1 dxe4 11. dxe4 Rd8 12. Qe2 a5 13. e5 Ba6 14. c4 Ne8 15. Bf4 Rac8 16. Red1 Rxd1 17. Rxd1 Rd8 18. b3 Nb4 19. a3 Nc6 20. h4 a4 21. Rxd8 Bxd8 22. bxa4 Qd7 23. Ne3 Na5 24. Qc2 g6 25. h5 Ng7 26. hxg6 hxg6 27. g4 Bb7 28. Qd2 Bc6 29. Qxd7 Bxd7 30. Ng5 Bxa4 31. Ne4 Ne8 32. Bf3 Nc6 33. Nc3 Nd4 34. Nxa4 Nxf3+ 35. Kg2 Nd4 36. Nc3 Bc7 37. Nb5 Bb8 38. Kg3 Ne2+ 39. Kf3 Nxf4 40. Kxf4 f6 41. Ke4 Bxe5 42. f4 Bb8 43. f5 Kf7 44. fxe6+ Kxe6 45. Nd5 Nd6+ 46. Nxd6 Bxd6 47. Nxb6 f5+ 48. gxf5+ gxf5+ 49. Ke3 Be5 50. Nd5 Bb2 51. a4 Bc1+ 52. Kd3 Kd6 53. a5 Bg5 54. Ne3 f4 55. Nf5+ Kc6 56. Ke4 Kb7 57. Ng7 Ka6 58. Ne6 Be7 59. Nxf4 Kxa5 60. Kd5 Kb6 61. Ne6 Kb7 62. Nf4 Kc7 63. Ng6 Bd6 64. Ne5 Bf8 65. Ke6 Bg7 66. Kd5 Bf8 67. Nd3 Kb6 68. Nb2 Ka5 1/2-1/2

[Event "CZE-chT2f 0506"]
[Site "Czech Republic"]
[Date "2005.10.16"]
[Round "1.2"]
[White "Szczepanek, Radoslaw"]
[Black "Malik, Jan"]
[Result "1/2-1/2"]
[WhiteElo "2164"]
[BlackElo "2226"]
[PlyCount "116"]
[EventDate "2005.10.16"]
[EventType "team"]
[EventRounds "11"]
[EventCountry "CZE"]
[SourceTitle "EXT 2009"]
[Source "ChessBase"]
[SourceDate "2008.11.26"]
[SourceVersion "1"]
[SourceVersionDate "2008.11.26"]
[SourceQuality "1"]

1. e4 c5 2. Nf3 d6 3. d4 cxd4 4. Nxd4 Nf6 5. Nc3 a6 6. Be3 e5 7. Nb3 Be6 8. f3 Nbd7 9. Qd2 Rc8 10. 0-0-0 b5 11. Kb1 Nb6 12. g4 Nc4 13. Bxc4 bxc4 14. Nc1 Be7 15. g5 Nd7 16. h4 Rb8 17. h5 Qc7 18. g6 Qb7 19. b3 Qb4 20. h6 fxg6 21. hxg7 Rg8 22. Rxh7 Nf6 23. Rh6 Rxg7 24. Bg5 cxb3 25. cxb3 Rb6 26. Bxf6 Bxf6 27. Nd5 Qxd2 28. Rxd2 Bxd5 29. Rxd5 Ke7 30. Ne2 Bg5 31. Rh8 Rf7 32. Rd3 Rc6 33. Kb2 Kf6 34. Rc3 Rxc3 35. Nxc3 Kg7 36. Rh3 Be3 37. b4 Bd4 38. Kb3 Rc7 39. Ne2 Be3 40. a4 Bd2 41. Rh1 Rf7 42. Rh3 Rb7 43. Nc3 Rc7 44. Ne2 Kf6 45. Rh1 Ke6 46. Rd1 Be3 47. Rd3 Bf2 48. Rc3 Rb7 49. Kc4 Rc7+ 50. Kb3 Rf7 51. Rd3 g5 52. Nc3 Bd4 53. Ne2 Ba7 54. Ng3 Rb7 55. Kc4 Rc7+ 56. Kb3 Rb7 57. Kc4 Rc7+ 58. Kb3 Rb7 1/2-1/2

[Event "POL-chT 1st League"]
[Site "Jarnoltowek"]
[Date "2005.09.11"]
[Round "9.23"]
[White "Wojciechowski, Piotr"]
[Black "Szczepanek, Radoslaw"]
[Result "1/2-1/2"]
[WhiteElo "2077"]
[BlackElo "2164"]
[PlyCount "77"]
[EventDate "2005.09.03"]
[EventType "team-tourn"]
[EventRounds "9"]
[EventCountry "POL"]
[SourceTitle "EXT 2019"]
[Source "ChessBase"]
[SourceDate "2018.10.10"]
[SourceVersion "1"]
[SourceVersionDate "2018.10.10"]
[SourceQuality "1"]
[WhiteTeam "Gliwice Politechnika Slaska"]
[BlackTeam "Raciborz Rzemioslo"]
[WhiteTeamCountry "POL"]
[BlackTeamCountry "POL"]

1. e4 c5 2. Nf3 Nc6 3. d4 cxd4 4. Nxd4 Nf6 5. Nc3 e5 6. Ndb5 d6 7. Bg5 a6 8. Na3 b5 9. Nd5 Be7 10. Bxf6 Bxf6 11. c3 0-0 12. Nc2 Bg5 13. a4 bxa4 14. Rxa4 a5 15. Bb5 Bb7 16. 0-0 Ne7 17. Nxe7+ Qxe7 18. Qd3 Rfe8 19. c4 Bh6 20. Ne3 Bxe3 21. Qxe3 Qc7 22. Rfa1 Qc5 23. R1a3 Bc6 24. Bxc6 Qxc6 25. b3 Qc5 26. Qc3 g6 27. Rxa5 Qxa3 28. Rxa3 Rxa3 29. g3 Rb8 30. Qd2 Raxb3 31. Qxd6 Re8 32. Kg2 Rc3 33. Qd7 Re6 34. Qd5 Kg7 35. c5 Rc2 36. g4 Rf6 37. Qxe5 Rcxf2+ 38. Kg3 R2f3+ 39. Kg2 1/2-1/2